000 00799nam a2200217Ii 4500
003 JO-AjNU
008 230605s9999||||xx |||||||||||||| ||und||
017 _a2007/5/1474
040 _aJO-AjNU
_bara
_erda
_cJO-AjNU
041 _aara
050 1 4 _aT58.6.U42 2010
100 3 _aالعمري،غسان عيسى/م مشارك:سلوى امين السامرائي,
_eauthor
_929898
245 0 0 _aنظم المعلومات الاستراتيجية :مدخل استراتيجي معاصر
250 _aط2
264 3 1 _aعمان:دار المسيرة للنشر والتوزيع،2010
300 _a252ص
336 _atext
_btxt
_2rdacontent
337 _aunmediated
_bn
_2rdamedia
338 _avolume
_bnc
_2rdacarrier
650 4 _aنظم المعلومات الادارية -ادارة
_929899
999 _aA11785
_c15353
_d15353